| 000 | 00503cab a2200181 4500 | ||
|---|---|---|---|
| 001 | WB2610-49 | ||
| 008 | 090401t1989 xxu||||| |||| 00| 0 eng d | ||
| 035 | _a(Sirsi) u3644 | ||
| 041 | _aeng | ||
| 245 | _aSick building syndrome | ||
| 260 | _c1989 | ||
| 350 | _a0 | ||
| 490 |
_aDaily Telegraph _v30/12/89 p5 |
||
| 520 | _aPreliminary results of a study by NASA show pot plants could be a cure for sick building syndrome. | ||
| 690 | _aPROPERTY LAW AND PRACTICE | ||
| 942 | _n0 | ||
| 948 | _c04/03/1997 | ||
| 999 |
_c2238 _d2238 |
||